Text book of microbiology for II Bsc with practical manual (Record no. 214516)

MARC details
000 -LEADER
fixed length control field 00551nam a2200181Ia 4500
008 - FIXED-LENGTH DATA ELEMENTS--GENERAL INFORMATION
fixed length control field 210719s1997 xx 000 0 und d
041 ## - LANGUAGE CODE
Language code of text/sound track or separate title eng
082 ## - DEWEY DECIMAL CLASSIFICATION NUMBER
Classification number 576 KELT
100 ## - MAIN ENTRY--PERSONAL NAME
Personal name KELMANI (Chandrakanth)
245 ## - TITLE STATEMENT
Title Text book of microbiology for II Bsc with practical manual
260 ## - PUBLICATION, DISTRIBUTION, ETC.
Place of publication, distribution, etc. Mangalore
Name of publisher, distributor, etc. United Publishers
Date of publication, distribution, etc. 1997
300 ## - PHYSICAL DESCRIPTION
Extent 235
Other physical details PB
365 ## - TRADE PRICE
Price amount 120
Currency code Rs
650 ## - SUBJECT ADDED ENTRY--TOPICAL TERM
Topical term or geographic name entry element Microbiology
650 ## - SUBJECT ADDED ENTRY--TOPICAL TERM
Topical term or geographic name entry element Microbiology
700 ## - ADDED ENTRY--PERSONAL NAME
Personal name SULLIA (S B)
906 ## - LOCAL DATA ELEMENT F, LDF (RLIN)
a book ; Bsc: ; for ; II ; manual ; microbiology: ; of ; practical ; Text ; with
Holdings
Withdrawn status Lost status Damaged status Not for loan Collection code Home library Current library Date acquired Cost, normal purchase price Total Checkouts Full call number Barcode Date last seen Price effective from Koha item type
          St Aloysius Library St Aloysius Library 01/30/2008 120.00   576 KELT D03128 07/19/2021 07/19/2021 Donated Books